000 00699nam a2200229Ia 4500
003 OSt
005 20220923223517.0
006 a|||||r|||| 00| 0
007 ta
008 Pun
024 _a218,380
037 _cTextual
040 _aARTS
_cARTS
_bPun
041 _2Pun
_aPun
082 _aQ8441xK66:g, 153N9
100 _aਗਿੱਲ, ਮਹਿੰਦਰ ਕੈਰ
245 0 _aਦਸਮਗੁਰੂ-ਬਾਣੀ ਦੇ ਰੂਪ-ਮਾਡਲ
260 _aਦਿੱਲੀ
_b ਮਨਪ੍ਰੀਤ ਪ੍ਰਕਾFਨ
_c1999
300 _a131ਪੰ
_ccm.
942 _hQ8441xK66:g, 153N9
_cTEXL
_2CC
999 _c365841
_d365841